Noms d'animaux - Statistiques

Statistiques générales
  • Ce quiz a été pris 653 fois
  • Le résultat moyen est 9 sur 16
Statistiques - réponses
Par images Réponse % Correct
Taupe
86%
Gendarme
83%
Suricate
82%
Dodo
79%
Lémurien
72%
Elan
67%
Pangolin
54%
Dragon de Komodo
53%
Axolotl
48%
Cacatoès
47%
Eléphant de mer
42%
Babouin
39%
Chamois
37%
Silure
31%
Tortue Alligator
31%
Condor
15%
Aucun quiz correspondant
Distribution des résultats
% des personnes avec chaque résultat
Percentile par nombre de réponses
Votre historique - résultats
Vous n’avez pas pris ce quiz